000 00175nam a22000857a 4500
082 _a823
100 _aKUMUD MULGAOKAR
245 _aMORE TALES FROM THE ARABIAN NIGHTS
942 _cBK
999 _c8509
_d8509